| 000 | 00640nam a22002057a 4500 | ||
|---|---|---|---|
| 005 | 20251108174920.0 | ||
| 008 | 250721s2010 xx 000 0 ara d | ||
| 082 | 1 | 4 | _a153.9/إبر |
| 100 | 1 |
_aإبراهيم، سليمان _eمؤلف |
|
| 245 | 1 | 0 | _aالمخ الإنساني والذكاء الوجداني / |
| 264 | 1 |
_aالإسكندرية : _bدار الوفاء القانونسة، _c2010. |
|
| 300 | _a531 ص. | ||
| 650 | 1 | 7 | _aالمخ |
| 650 | 1 | 7 | _aالذكاء |
| 650 | 1 | 7 | _aإختبارات الذكاء |
| 650 | 1 | 7 | _aإختبارات القدرة |
| 650 | 1 | 7 | _aعلم النفس |
| 942 |
_2ddc _cBK |
||
| 999 |
_c121427 _d121427 |
||